Score 0/75 Timer 06:00
1 Play Today
Crop Country % Correct
Dried BeansUnited States
99%
Groundnuts with shellsUnited States
99%
MaizeUnited States
99%
SoybeansUnited States
99%
Dried BeansChina
98.3%
Green BeansChina
98.3%
Groundnuts with shellsChina
98.3%
MaizeChina
98.3%
WheatChina
98.3%
RiceChina
98.3%
WheatUnited States
97.6%
SoybeansIndia
97.3%
BuckwheatChina
97.1%
Peas (dried)Russia
96.2%
BuckwheatRussia
95.6%
SoybeansChina
95.1%
MaizeIndia
94.6%
WheatFrance
94.4%
BarleyRussia
94.4%
OatsRussia
94.4%
MaizeBrazil
94.1%
SoybeansBrazil
94.1%
Chick peasIndia
94%
Groundnuts with shellsIndia
94%
LentilsIndia
94%
MilletIndia
94%
WheatIndia
94%
RiceIndia
94%
Peas (dried)India
92.9%
RyeGermany
92.8%
WheatRussia
92.7%
LentilsCanada
92.5%
Peas (dried)United States
92.2%
Peas (dried)Canada
92%
BarleyGermany
91%
BuckwheatPoland
90.2%
BarleyCanada
90.1%
LentilsTurkey
89.7%
Crop Country % Correct
Green BeansTurkey
86.3%
SoybeansArgentina
86.2%
Peas (dried)France
85.7%
MaizeMexico
85.7%
OatsCanada
85.2%
RyePoland
84.7%
OatsAustralia
83.6%
BarleyAustralia
82.4%
BuckwheatUnited States
82%
BarleyFrance
81.4%
RyeRussia
80.7%
Dried BeansIndia
79.1%
Green BeansIndia
78.5%
RyeChina
77.8%
Dried BeansMyanmar
77.2%
Chick peasAustralia
75.5%
Green BeansIndonesia
74.7%
RiceIndonesia
74.7%
Dried BeansBrazil
72.7%
Chick peasTurkey
71%
RiceVietnam
70.5%
MilletChina
70.5%
Green BeansThailand
70.5%
Chick peasMyanmar
70%
LentilsUnited States
69.2%
BuckwheatUkraine
68.4%
OatsPoland
60.9%
LentilsAustralia
60.5%
MilletMali
53%
OatsFinland
52.5%
MilletNiger
50.4%
Groundnuts with shellsNigeria
49.6%
MilletNigeria
49.6%
RiceBangladesh
48.5%
Groundnuts with shellsMyanmar
40.8%
RyeBelarus
39.7%
Chick peasEthiopia
35.4%
Remove Ads.
Support Sporcle.
Get the best of Sporcle when you Go Orange. This ad-free experience offers more features, more stats, and more fun while also helping to support Sporcle. Thank you for becoming a member.

You're not logged in!

Compare scores with friends on all Sporcle quizzes.
OR
Log In

Show Comments

Extras

Top Quizzes Today


Score Distribution

Your Account Isn't Verified!

In order to create a playlist on Sporcle, you need to verify the email address you used during registration. Go to your Sporcle Settings to finish the process.

Report this User

Report this user for behavior that violates our Community Guidelines.

Details: